000 00761nam a2200289Ia 4500
005 20260324142626.0
008 008 260324s9999 xx 000 0 eng d
020 _a9781315043104
037 _aEBOOK
040 _aCRL
040 _beng
040 _cCRL
041 _2eng
041 _aeng
084 _qCRL
100 _aMaurice Chazan; Alice F. Laing; Diane Davies
_91212645
245 0 _aEmotional And Behavioural Difficulties In Middle Childhood
245 0 _bIdentification, Assessment And Intervention In School
260 _bTaylor and Francis
260 _c1994
365 _a
365 _b260
856 _uhttp://www.taylorfrancis.com/books/9781315043104
942 _cEBOOK
999 _c1817038
_d1817038